| 000 | 00874nas a2200301 4500 | ||
|---|---|---|---|
| 001 | BR0604302 | ||
| 003 | BR-BrBNA | ||
| 005 | 20231205110331.0 | ||
| 007 | ta | ||
| 008 | 230509b bl.|||p| |||| 00| 00por d | ||
| 040 |
_aBR-BrBNA _bpor _cBiblioteca Nacional de Agricultura |
||
| 041 | _a(Pt) | ||
| 072 | _aL53; L73 | ||
| 100 | 1 | _aAndrioli, A. | |
| 100 | 1 | _aGouveia, A.M.G. | |
| 100 | 1 | _aMartins, A. de S. | |
| 100 | 1 | _aPinheiro, R.R. | |
| 100 | 1 | _aSantos, D.O. | |
| 245 | 1 | _aFatores de risco na transmissão do lentivirus caprino pelo sêmen | |
| 650 | _aCAPRINO | ||
| 650 | _aSEMEN | ||
| 650 | _aREPRODUÇÃO ANIMAL | ||
| 650 | _aARTRITE | ||
| 650 | _aENCEFALITE | ||
| 773 | 0 |
_tPesquisa Agropecuária Brasileira (Brazil) _xISSN 0100-204X _g(Aug 2006), v. 41(8) p. 1313-1319 _wBR0604302 |
|
| 909 |
_a202311 _bLúcia _c55 _dLúcia Elande |
||
| 942 |
_2AGRIS _n0 _cANA |
||
| 999 |
_c187007 _d187007 |
||